000 01245nam a22003617a 4500
003 CHAP
005 20220329141247.0
008 971010s1986 r 00010 d
010 _a65326
011 _a66298
035 _a74357
040 _cCHAP
082 _a631.47
_bS53
100 0 0 _aSiderius, W.
_9105813
245 _aLand evaluation for land-use planning and conservation in sloping areas
260 _aWageningen :
_bILRI,
_c1986
300 _a334 p.
_b: ilus.; gráfs
490 _aPublication
_v; 40
590 _aBATCH-UPD
_b10
_c20130110
_lUCH01
_h1457
590 _aBATCH-UPD
_b10
_c20130410
_lUCH01
_h0920
590 _aBATCH-UPD
_b10
_c20130914
_lUCH01
_h1712
590 _aCONVERSION
_b10
_c20130109
_lUCH01
_h1336
650 1 4 _aLaderas.
_964360
650 1 4 _aSuelos
_xConservación.
_9110283
650 1 4 _aTierras
_xEvaluación.
_9113113
710 0 _aInstituto Internacional de Rescate y Mejoramiento Técnico de Tierras.
_959234
830 0 _aPublication
_v; 40
_992792
901 _aBK
942 _cLIBRO
949 _a631.47 S53
_bBC
_cLIBRO
_d-137273
_eLIBRO
_fc.2
_h72115
_i74357
_si
949 _a631.47 S53
_bBC
_cLIBRO
_d33724000079927
_eLIBRO
_h71164
_i74357
_si
949 _a631.47 S53
_bI
_cLIBRO
_d-7223
_eLIBRO
_h4001
_i74357
_si
999 _c65326
_d65326